Estadísticas para Costa Africana Oriental

Haz click aquí para intentar la prueba.

Estadísticas generales

  • Esta prueba ha sido intentada 3.366 veces
  • La puntuación promedio es 8 de 9

Respuestas en el mapa

Las respuestas están codificadas por una escala verde-roja en el mapa de la prueba según el % correcto abajo.
 

Estadísticas de respuestas

País% Correcto
Egipto
100%
Sudán
96%
Eritrea
92%
Somalia
90%
Kenia
89%
Sudáfrica
89%
Mozambique
88%
Tanzania
88%
Yibuti
87%

Distribución de puntuación

Porcentaje por número respondido

Porcentaje de gente con cada puntuación

Historial de tus puntuaciones

No has intentado esta prueba.